|
|
|
|
| LEADER |
00000nam a2200000 a 4500 |
| 001 |
UCG4204 |
| 003 |
CL-VaPUC |
| 008 |
101018e20050000MX |||||||||||||||||spa|d |
| 020 |
|
|
|a 9681860039
|
| 082 |
0 |
4 |
|a 624.171
|b GON
|2 21
|
| 100 |
|
|
|a González Cuevas, Oscar Manuel
|e author
|9 553533
|
| 245 |
1 |
0 |
|a Análisis estructural
|
| 300 |
|
|
|a 584 p
|
| 942 |
|
|
|c BK
|
| 945 |
|
|
|d 20101018 00:00:00
|a mfarfan
|
| 260 |
|
|
|a Ciudad de México
|b Limusa
|c 2005
|
| 650 |
|
0 |
|a Análisis estructural
|9 260661
|
| 650 |
|
0 |
|a Elementos estructurales
|9 350100
|
| 650 |
|
0 |
|a Propiedades mecánicas
|9 262507
|
| 650 |
|
7 |
|a INGENIERIA CIVIL ESTRUCTURAL
|2 CL-VaPUC
|9 470811
|
| 583 |
|
|
|a last modification
|c 20101018 00:00:00
|k Rodrigo Vera
|
| 999 |
|
|
|c 343039
|d 343037
|